Library of the University of Algiers 3
Ibrahim Sultan Cheibout
شعار جامعة الجزائر 3
مكتبة جامعة الجزائر 3
إبراهيم سلطان شيبوط

النهج الأمثل لتحرير الاقتصاد : (رقم التسجيلة. 42890)

تفاصيل مارك
000 -LEADER
fixed length control field 02177nam a2200229Ia 4500
003 - CONTROL NUMBER IDENTIFIER
control field Ost
005 - DATE AND TIME OF LATEST TRANSACTION
control field 20260507075110.0
008 - FIXED-LENGTH DATA ELEMENTS--GENERAL INFORMATION
fixed length control field 260507s9999||||xx |||||||||||||| ||und||
020 ## - INTERNATIONAL STANDARD BOOK NUMBER
International Standard Book Number 808147435
040 ## - CATALOGING SOURCE
Transcribing agency fsecg
041 ## - LANGUAGE CODE
Language code of text/sound track or separate title ara
082 ## - DEWEY DECIMAL CLASSIFICATION NUMBER
Classification number 330
100 ## - MAIN ENTRY--PERSONAL NAME
Personal name ماكينون، رونالد
Relator term مؤلف
245 #0 - TITLE STATEMENT
Title النهج الأمثل لتحرير الاقتصاد :
Remainder of title إحكام السيطرة المالية عند التحول الىاقتصاديات السوق /
Statement of responsibility, etc. رونالد ماكينون
260 ## - PUBLICATION, DISTRIBUTION, ETC.
Place of publication, distribution, etc. القاهرة:
Name of publisher, distributor, etc. الجمعية المصرية لنشر المعرفة والثقافة العالمية,
Date of publication, distribution, etc. 1996
300 ## - PHYSICAL DESCRIPTION
Extent 312 صفحة؛
Other physical details إيضاحات ؛
Dimensions 25 سم
504 ## - BIBLIOGRAPHY, ETC. NOTE
Bibliography, etc. note مراجع ص.303
520 ## - SUMMARY, ETC.
Summary, etc. ائقة المالية و امتاجية رأس المال و نتاول أسعار فائدة مرتفعة و حقيقية و أدوات الضئقة المالية و كذا عبء التضخم و الرقابة على النقد و الرقابة على الاقتصاد الشامل أثناء إزالة التضخم و عدم إستقرار الاقتصاد الشامل و المخاطر الأخلاقية في العمل المصرفي و تناول الحمائية في التجارة الخارجية و سياسة سعر الصرف و السوق الدولية لرأس المال و التحرر الاقتصادي كما تم التطرق الى السيطرة على الاوضاع المالية إبان فترة التحول من الاقتصاد المخطط مركزيا الى إقتصاد السوق و كذلك التجارة الخارجية و الحماية و القيمة المضافة السلبية في اقتصاد اشتراكي على طريق التحرر ، و النمو الماليو استقرار الاقتصاد الشامل في الصين 1978-1992 و إمكان تطبيق ذلك في روسيا و أوروبا الشرقية و أخيرا التحرير التدريجي مقارنة بنظيرهالمتعجل في التجارة الخارجية الاشتراكية .
653 ## - INDEX TERM--UNCONTROLLED
Uncontrolled term الاقتصاد
700 ## - ADDED ENTRY--PERSONAL NAME
Personal name صليب، بطرس
Relator term مؤلف ثانوي
942 ## - ADDED ENTRY ELEMENTS (KOHA)
Koha item type كتب
المقتنيات
Withdrawn status Lost status Source of classification or shelving scheme Damaged status Not for loan Home library Current library Date acquired Serial enumeration / chronology Inventory number Total checkouts Full call number Barcode Date last seen Price effective from Koha item type
    Dewey Decimal Classification   NOT LOAN / إعارة داخلية مكتبة كلية العلوم الإقتصادية والعلوم التجارية وعلوم التسيير مكتبة كلية العلوم الإقتصادية والعلوم التجارية وعلوم التسيير 07/05/2026 الطابق الأرضي 1492/1   أ/1492ن1 1492/1 07/05/2026 07/05/2026 كتب

موارد الويب المفتوحة


© University of Algiers 3 All Rights Reserved
|
Implemented by LECHELAH Riad